000 00505nam a2200193Ia 4500
003 GCL
008 140319s9999 xx 000 0 eng d
040 _aGCL /
_cGCL
082 0 4 _a407.1
_bC I
100 1 _aCOLLIE, JOANNE
245 1 0 _aLITERATURE IN THE LANGUAGE CALASSROOM /
_cCOLLIE, JOANNE
700 1 _aSLATER, S.
260 _a[S.N] :
_bCAMLRIDGE UNIVERSITY PRESS ،
_c1994
300 _a266
650 0 4 _aLITERATURE
650 0 4 _aSTUDY AND TEACHING
650 0 4 _aLANGUAGES
942 _2ddc
_cBK
999 _c19189
_d19189